What's in a Disney Name? Quiz Stats

 Plays Quiz Updated Feb 6, 2018

Support Sporcle.
Go Orange.
Score 0/20 Timer 03:00
0 Plays Today
% Correct
Copper
89.4%
Panic
88.4%
Scar
87.4%
Charming
87.2%
Hiss
86.3%
Rajah
85.5%
Thumper
84.3%
Grumpy
84.1%
Jasmine
83.8%
Tinker
83.3%
% Correct
Belle
82.9%
Hatter
82.4%
Aurora
80.2%
Fauna
78.8%
Robin
76.6%
Dodger
76%
Jetsam
65.4%
Scuttle
64.1%
Bolt
60.1%
Peter
59.8%

You're not logged in!

Compare scores with friends on all Sporcle quizzes.
OR
Log In

From the Vault

Songs with Boys' Names

by triviahappy

This doesn't mean these songs have anything to do with lizards, snails or puppy dog tails, but we kinda wish they did.
Remove Ads.
Support Sporcle.
Get the best of Sporcle when you Go Orange. This ad-free experience offers more features, more stats, and more fun while also helping to support Sporcle. Thank you for becoming a member.

Show Comments

Extras

Top Quizzes Today


Score Distribution

Your Account Isn't Verified!

In order to create a playlist on Sporcle, you need to verify the email address you used during registration. Go to your Sporcle Settings to finish the process.

Report this User

Report this user for behavior that violates our Community Guidelines.

Details: